THE WORLD BOOK HEALTH AND MEDICAL ANNUAL (Record no. 15289)

MARC details
000 -LEADER
fixed length control field 00358nam a22001457a 4500
003 - CONTROL NUMBER IDENTIFIER
control field OSt
005 - DATE AND TIME OF LATEST TRANSACTION
control field 20211027114715.0
008 - FIXED-LENGTH DATA ELEMENTS--GENERAL INFORMATION
fixed length control field 211027b |||||||| |||| 00| 0 eng d
040 ## - CATALOGING SOURCE
Original cataloging agency DDC
Transcribing agency HU
082 ## - DEWEY DECIMAL CLASSIFICATION NUMBER
Edition number 1ST
Classification number 614
Item number 4
245 ## - TITLE STATEMENT
Title THE WORLD BOOK HEALTH AND MEDICAL ANNUAL
250 ## - EDITION STATEMENT
Edition statement 1ST
260 ## - PUBLICATION, DISTRIBUTION, ETC.
Place of publication, distribution, etc. TORONTO
Name of publisher, distributor, etc. WORLD BOOK INC
Date of publication, distribution, etc. 1990
942 ## - ADDED ENTRY ELEMENTS (KOHA)
Source of classification or shelving scheme Dewey Decimal Classification
Koha item type Books like text book referance book
Suppress in OPAC No
Holdings
Withdrawn status Lost status Source of classification or shelving scheme Damaged status Not for loan Home library Current library Date acquired Total Checkouts Full call number Barcode Date last seen Copy number Price effective from Koha item type
    Dewey Decimal Classification     College of Medicine and Health’s Sciences Library College of Medicine and Health’s Sciences Library 10/27/2021   614-W6-1990 CMHSL00003858 10/27/2021 1 10/27/2021 Books like text book referance book
    Dewey Decimal Classification     College of Medicine and Health’s Sciences Library College of Medicine and Health’s Sciences Library 10/27/2021   614-W6-1990 CMHSL00003859 10/27/2021 2 10/27/2021 Books like text book referance book
    Dewey Decimal Classification     College of Medicine and Health’s Sciences Library College of Medicine and Health’s Sciences Library 10/27/2021   614-W6-1990 CMHSL00003860 10/27/2021 3 10/27/2021 Books like text book referance book
    Dewey Decimal Classification     College of Medicine and Health’s Sciences Library College of Medicine and Health’s Sciences Library 10/27/2021   614-W6-1990 CMHSL00003861 10/27/2021 4 10/27/2021 Books like text book referance book